<?xml version="1.0" encoding="UTF-8"?>
<record
    xmlns:xsi="http://www.w3.org/2001/XMLSchema-instance"
    xsi:schemaLocation="http://www.loc.gov/MARC21/slim http://www.loc.gov/standards/marcxml/schema/MARC21slim.xsd"
    xmlns="http://www.loc.gov/MARC21/slim">

  <leader>01533nam a2200313 i 4500</leader>
  <controlfield tag="001">190507</controlfield>
  <controlfield tag="003">ES-MaACL</controlfield>
  <controlfield tag="005">20250804105439.0</controlfield>
  <controlfield tag="008">210421s2003    sp a          000 0 spa d</controlfield>
  <datafield tag="245" ind1="0" ind2="3">
    <subfield code="a">El Ateneo Cient&#xED;fico, Art&#xED;stico y Literario de Madrid / </subfield>
    <subfield code="c">coordinado por Olga L&#xF3;pez, Jos&#xE9; Manuel L&#xF3;pez y Esteban Orive.</subfield>
  </datafield>
  <datafield tag="260" ind1=" " ind2=" ">
    <subfield code="a">[Madrid : </subfield>
    <subfield code="b">Revista C&#xE1;lamo FASPE, </subfield>
    <subfield code="c">2003]</subfield>
  </datafield>
  <datafield tag="300" ind1=" " ind2=" ">
    <subfield code="a">[20] p. : </subfield>
    <subfield code="b">il. ; </subfield>
    <subfield code="c">30 cm.</subfield>
  </datafield>
  <datafield tag="505" ind1="8" ind2=" ">
    <subfield code="a">Contiene: El Ateneo de Madrid, una perspectiva / Jos&#xE9; Siles Art&#xE9;s. Ateneo de Madrid: "una casa con pedigr&#xED;" / Ignacio Amestoy. La Biblioteca del Ateneo de Madrid / Luis Espa&#xF1;ol Bouch&#xE9;. El Ateneo del siglo XXI: la nueva imagen del Ateneo. Entrevista a Jos&#xE9; Luis Abell&#xE1;n, presidente del Ateneo / Jos&#xE9; Manuel L&#xF3;pez S&#xE1;nchez-Caballero y Esteban Orive Castro</subfield>
  </datafield>
  <datafield tag="600" ind1="1" ind2="4">
    <subfield code="a">Abell&#xE1;n, Jos&#xE9; Luis,</subfield>
    <subfield code="d">1933-2023</subfield>
    <subfield code="9">176509</subfield>
  </datafield>
  <datafield tag="610" ind1="2" ind2="4">
    <subfield code="a">Ateneo de Madrid-</subfield>
    <subfield code="v">Historia</subfield>
    <subfield code="9">1925</subfield>
  </datafield>
  <datafield tag="610" ind1="2" ind2="4">
    <subfield code="a">Ateneo de Madrid. </subfield>
    <subfield code="b">Biblioteca</subfield>
    <subfield code="9">1951</subfield>
  </datafield>
  <datafield tag="700" ind1="1" ind2=" ">
    <subfield code="a">L&#xF3;pez Gonz&#xE1;lez, Olga.</subfield>
    <subfield code="9">149758</subfield>
  </datafield>
  <datafield tag="700" ind1="1" ind2=" ">
    <subfield code="a">L&#xF3;pez S&#xE1;nchez-Caballero, Jos&#xE9; Manuel.</subfield>
    <subfield code="9">171378</subfield>
  </datafield>
  <datafield tag="700" ind1="1" ind2=" ">
    <subfield code="a">Orive Castro, Esteban.</subfield>
    <subfield code="9">171379</subfield>
  </datafield>
  <datafield tag="700" ind1="1" ind2=" ">
    <subfield code="a">Siles Art&#xE9;s, Jos&#xE9;,</subfield>
    <subfield code="d">1930-</subfield>
    <subfield code="9">106341</subfield>
  </datafield>
  <datafield tag="700" ind1="1" ind2=" ">
    <subfield code="a">Amestoy Eguiguren, Ignacio,</subfield>
    <subfield code="d">1947-</subfield>
    <subfield code="9">21210</subfield>
  </datafield>
  <datafield tag="700" ind1="1" ind2=" ">
    <subfield code="a">Espa&#xF1;ol Bouch&#xE9;, Luis,</subfield>
    <subfield code="d">1964-</subfield>
    <subfield code="9">47768</subfield>
  </datafield>
  <datafield tag="740" ind1="3" ind2="2">
    <subfield code="a">El Ateneo de Madrid, una perspectiva.</subfield>
  </datafield>
  <datafield tag="740" ind1="0" ind2="2">
    <subfield code="a">Ateneo de Madrid: "una casa con pedigr&#xED;"</subfield>
  </datafield>
  <datafield tag="740" ind1="3" ind2="2">
    <subfield code="a">La Biblioteca del Ateneo de Madrid.</subfield>
  </datafield>
  <datafield tag="852" ind1="4" ind2=" ">
    <subfield code="a">ES-MaACL</subfield>
    <subfield code="j">2342-F-30</subfield>
  </datafield>
  <datafield tag="942" ind1=" " ind2=" ">
    <subfield code="2">udc</subfield>
  </datafield>
  <datafield tag="999" ind1=" " ind2=" ">
    <subfield code="c">190507</subfield>
    <subfield code="d">190507</subfield>
  </datafield>
  <datafield tag="952" ind1=" " ind2=" ">
    <subfield code="0">0</subfield>
    <subfield code="1">0</subfield>
    <subfield code="4">0</subfield>
    <subfield code="7">0</subfield>
    <subfield code="8">Colecci&#xF3;n_de_folletos</subfield>
    <subfield code="a">ATENEOM</subfield>
    <subfield code="b">ATENEOM</subfield>
    <subfield code="c">DEPOF</subfield>
    <subfield code="d">2021-04-21</subfield>
    <subfield code="e">DON</subfield>
    <subfield code="l">0</subfield>
    <subfield code="o">2342-F-30</subfield>
    <subfield code="p">1202549</subfield>
    <subfield code="r">2023-02-23 00:00:00</subfield>
    <subfield code="w">2023-02-23</subfield>
    <subfield code="y">FOLLETOS</subfield>
  </datafield>
</record>
